00463nam a22001577a 450000500170000001000150001702000260003203500140005803700130007208200130008510000190009824500750011726000410019227000500023330000220028320170517112218.0 aENG-118190 a9789384275242c995.00 aEN-101722 bDBAD/PUB a338.9545 aPurohit, Ashok aEconomic development and planning in north east india /cAshok Purohit aIndiabNE BOOKS AND PUBLISHERSc2017 aNational Highway Silchar- 788005 Assam, India a210p.c23cm. (Hb)